000 01034cam a2200229 4500
001 WB4014-15
008 040406n2004 000 0 eng u
035 _a(Sirsi) u125744
245 _aWe think its all over
260 _c2004
490 _aRICS Press Release
_v(pr034) 5 April 2004 (2)
520 _aRICS Commercial property survey, quarter 1, 2004 shows that the UK business property recession is over. There is a broad-based rise in activity across the office, retail and industrial sectors. 22% more chartered surveyors reported a rise in occupier enquiries than a fall, up 9% on the previous quarter while a rise in new sales and lettings to occupiers were reported by 11% more surveyors, up from 4%. (Press Release link to follow)
590 _aWB
590 _aWB
650 _aRICS COMMERCIAL PROPERTY SURVEY
650 _aBUSINESS PROPERTY
650 _aOCCUPIER DEMAND
650 _aLETTINGS
650 _aCENTRAL LONDON OFFICE RESEARCH
690 _aPROPERTY MANAGEMENT-COMMERCIAL PROPERTY
942 _n0
999 _c117168
_d117168